| 000 | 00744nam a2200241 i 4500 | ||
|---|---|---|---|
| 001 | 10041 | ||
| 003 | ES-MaACL | ||
| 005 | 20231214063023.0 | ||
| 007 | t| | ||
| 008 | 941122s1992 sp ||||1| spa d | ||
| 020 | _a84-239-6573-2 | ||
| 080 | _a351.825(46)"18/19"(09) | ||
| 100 | 1 |
_aZunzunegui, Fernando _9118508 |
|
| 245 | 1 | 0 |
_aOrdenación bancaria / _cFernando Zunzunegui ; prólogo de Joaquín Fanjul. |
| 260 |
_aMadrid : _bEspasa-Calpe, _cD.L. 1992. |
||
| 300 |
_a550 p. ; _c23 cm. |
||
| 490 | 1 |
_aEspasa universidad ; _v29 |
|
| 500 | _aIndices. | ||
| 650 | 1 | 4 |
_aBancos- _zEspaña- _xLegislación. _910489 |
| 830 | 0 |
_aEspasa universidad ; _v29 _9177376 |
|
| 852 |
_aES-MaACL _jL-17407 _bR.122691 |
||
| 999 |
_c10041 _d10041 |
||